000 00947cam a2200265 a 4500
001 000013021
003 DO-SdBNP
005 20210713144725.0
008 020201s2001 ve a b 001 0 spa
020 _a9803790242
040 _aDO-SdBNP
_bspa
_cDLC
_dBNPHU
049 _aBNGR
082 _a362.1
_bZ38e
100 1 _aZárraga, Pedro.
_930055
245 1 0 _a20 experiencias exitosas de gestión en salud pública /
_cPedro Zárraga.
246 3 _aVeinte experiencias exitosas de gestión en salud pública
260 _aCaracas, (Venezuela) :
_bFundación Polar,
_c2001.
300 _a373 p. :
_bil. ;
_c25 cm.
504 _aIncluye referencias bibliográficas (p. 371-372).
650 0 _aAdministración sanitaria
_zVenezuela
_vEstudio de casos
_930056
650 4 _aHospitales
_zVenezuela
_xAdministración
_vEstudios de casos
_930057
710 2 _aFundación Polar.
_93571
910 _aCatalogación por copia / LC
942 _2ddc
_cLBS1
999 _c12668
_d12668